| 000 | 00838nas a2200277 4500 | ||
|---|---|---|---|
| 001 | BR0807499 | ||
| 003 | BR-BrBNA | ||
| 005 | 20231205112244.0 | ||
| 007 | ta | ||
| 008 | 230509b bl.|||p| |||| 00| 00por d | ||
| 040 |
_aBR-BrBNA _bpor _cBiblioteca Nacional de Agricultura |
||
| 041 | _a(Pt) | ||
| 072 | _aH10 | ||
| 100 | 1 | _aBarbieri, M.R. | |
| 100 | 1 | _aCarvalho, M.G. de | |
| 100 | 1 | _aZambolim, E.M. | |
| 100 | 1 | _aZerbini, F.M. | |
| 245 | 1 | _aExpressão Escherichia coli da proteína capsidial do watermelon mosaic virus e produção de anti-soro | |
| 650 | _aMELANCIA | ||
| 650 | _aVIRUS | ||
| 650 | _aPRAGA DE PLANTA | ||
| 650 | _aSORO | ||
| 773 | 0 |
_tFitopatologia Brasileira (Brazil)
_xISSN 0100-4158 _g(Mar-Apr 2004), v. 29(2) p. 215-219 _wBR0807499 |
|
| 909 |
_a202311 _bLúcia _c55 _dLúcia Elande |
||
| 942 |
_2AGRIS _n0 _cANA |
||
| 999 |
_c197009 _d197009 |
||